| 000 | 00420nam a22001697a 4500 | ||
|---|---|---|---|
| 003 | NUST - PNEC | ||
| 005 | 20170116181113.0 | ||
| 008 | 151004b xxu||||| |||| 00| 0 eng d | ||
| 020 | _a- | ||
| 040 | _cLIBRARY | ||
| 082 | _a671 POL | ||
| 100 |
_913074 _aAtomic power & industrilisation |
||
| 245 |
_aMetal process engineering. _cP. Polukhin |
||
| 260 | _c- | ||
| 650 |
_913075 _aMetal-cutting _xME |
||
| 942 |
_2ddc _cBK |
||
| 999 |
_c69234 _d69234 |
||